[Event "XXVII Open Anniversario"]
[Site "Provaglio d'Iseo ITA"]
[Date "2010.10.29"]
[Round "1"]
[White "De Bellis, Aldo"]
[Black "Barucco, Mattia"]
[WhiteElo "1690"]
[BlackElo "1992"]
[Result "0-1"]
[PlyCount "40"]
[EventDate "2010.10.29"]

1. e4 c6 2. Nf3 d5 3. exd5 cxd5 4. d4 Bg4 5. Be2 Nc6 6. c3 e6 7. Nbd2 Bd6 8.
Bb5 Nge7 9. O-O Qc7 10. Qc2 O-O-O 11. Qa4 Kb8 12. Re1 a6 13. Bd3 f6 14. h3 Bxf3
15. Nxf3 e5 16. Bf1 e4 17. Nd2 f5 18. c4 Nxd4 19. cxd5 Nc2 20. Qb3 Nxa1 0-1

[Event "XXVII Open Anniversario"]
[Site "Provaglio d'Iseo ITA"]
[Date "2010.10.29"]
[Round "1"]
[White "Schaberg, Wolfgang"]
[Black "Brugaletta, Giorgio"]
[WhiteElo "1941"]
[BlackElo "1675"]
[Result "1-0"]
[PlyCount "97"]
[EventDate "2010.10.29"]

1. e4 e6 2. d4 d5 3. Nd2 c5 4. Ngf3 cxd4 5. exd5 Qxd5 6. Bc4 Qd8 7. O-O Nc6 8.
Nb3 Nf6 9. Nbxd4 Nxd4 10. Nxd4 Bc5 11. c3 O-O 12. Bg5 Be7 13. Qf3 Qc7 14. Bd3
Bd7 15. Rfe1 Rad8 16. Rad1 Nd5 17. Qh3 g6 18. Bxe7 Nxe7 19. Nf3 Kg7 20. g4 Bc6
21. Nd4 Bd7 22. g5 Rh8 23. Qh6+ Kg8 24. Qh4 Kg7 25. Nf3 Nc6 26. Qh6+ Kg8 27.
Nd2 Ne5 28. Ne4 Nf3+ 29. Kh1 Qxh2+ 30. Qxh2 Nxh2 31. Kxh2 Kg7 32. Re3 Bc6 33.
Nc5 h6 34. gxh6+ Rxh6+ 35. Rh3 Rdh8 36. Rxh6 Rxh6+ 37. Kg3 b6 38. Ne4 f5 39.
Ng5 Kf6 40. Nf3 e5 41. Bc4 f4+ 42. Kg4 Bxf3+ 43. Kxf3 Rh2 44. Rd6+ Kg5 45. Bd3
Rh3+ 46. Ke2 Rh6 47. Re6 Kh5 48. Rxe5+ g5 49. Re7 1-0

[Event "XXVII Open Anniversario"]
[Site "Provaglio d'Iseo ITA"]
[Date "2010.10.29"]
[Round "1"]
[White "Onger, Nicola"]
[Black "Dieli, Alberto"]
[WhiteElo "1616"]
[BlackElo "1936"]
[Result "0-1"]
[PlyCount "76"]
[EventDate "2010.10.29"]

1. e4 e5 2. Nf3 Nc6 3. Bc4 Bc5 4. Nc3 Nf6 5. O-O d6 6. h3 h6 7. a3 O-O 8. d3
Be6 9. Bxe6 fxe6 10. Na4 Bb6 11. Nxb6 axb6 12. Nh2 Qe8 13. Ng4 Nh5 14. Nxh6+
gxh6 15. Bxh6 Rf7 16. Bg5 Rf8 17. Bh6 Ng7 18. Qg4 Rf7 19. Qg6 Re7 20. Qxe8+
Raxe8 21. Bxg7 Kxg7 22. c3 Na5 23. f3 Rf7 24. g4 Rf4 25. Kg2 Nb3 26. Rad1 Rh8
27. Kg3 Rhf8 28. h4 Nc5 29. Rd2 d5 30. exd5 exd5 31. d4 Nb3 32. Rd3 e4 33. Re3
Nd2 34. Rh1 Rxf3+ 35. Rxf3 Rxf3+ 36. Kg2 Nc4 37. Rb1 Ne3+ 38. Kh2 Nxg4+ 0-1

[Event "XXVII Open Anniversario"]
[Site "Provaglio d'Iseo ITA"]
[Date "2010.10.29"]
[Round "1"]
[White "Massetti, Euro"]
[Black "Vagliati, Massimo"]
[WhiteElo "1919"]
[BlackElo "1610"]
[Result "1-0"]
[PlyCount "45"]
[EventDate "2010.10.29"]

1. c4 Nf6 2. Nc3 g6 3. d4 Bg7 4. g3 c6 5. Bg2 d5 6. b3 Bf5 7. e3 O-O 8. Nge2
Ne4 9. O-O Qd7 10. Ba3 Re8 11. Rc1 Na6 12. cxd5 cxd5 13. Nf4 Nxc3 14. Rxc3 Be4
15. f3 Bf5 16. Qd2 Nc7 17. Bb2 Rac8 18. Rfc1 b6 19. g4 Be6 20. Qc2 Bh6 21. Rxc7
Bxf4 22. exf4 Rxc7 23. Qxc7 1-0

[Event "XXVII Open Anniversario"]
[Site "Provaglio d'Iseo ITA"]
[Date "2010.10.29"]
[Round "1"]
[White "Cattaneo, Dario"]
[Black "Ghidinelli, Giorgio"]
[WhiteElo "1599"]
[BlackElo "1911"]
[Result "0-1"]
[PlyCount "120"]
[EventDate "2010.10.29"]

1. d4 Nf6 2. Nf3 d5 3. e3 Bg4 4. Be2 e6 5. O-O Bd6 6. b3 Nbd7 7. Bb2 c6 8. Nbd2
Qb8 9. Re1 O-O 10. Nf1 Bxf3 11. Bxf3 e5 12. g3 e4 13. Bg2 Re8 14. Rc1 b5 15. a3
a5 16. Re2 Nb6 17. c3 a4 18. b4 Nc4 19. Rec2 Qc8 20. Nd2 g5 21. Nxc4 bxc4 22.
Qf1 g4 23. h3 h5 24. h4 Kg7 25. Rb1 Ng8 26. Bc1 Qa6 27. Rcb2 Rab8 28. Qe2 Qb5
29. Bd2 Ne7 30. Rf1 f5 31. Bc1 Rf8 32. Rd2 Kg6 33. Rb2 Nc8 34. Rd2 Na7 35. Rb2
Qa6 36. Rb1 Nb5 37. Qd2 Qa7 38. Bb2 Qc7 39. Bc1 Be7 40. Qc2 Ra8 41. Qd2 Qd8 42.
Qe1 Nc7 43. Rb2 Nb5 44. Rb1 Qd7 45. Qd2 Nc7 46. Bb2 Rab8 47. Bc1 c5 48. Bb2
cxb4 49. cxb4 Nb5 50. Qc2 Ra8 51. Qc1 Rfc8 52. Bc3 Qd8 53. Qb2 Rc6 54. Qc1 Kg7
55. Qb2 Rg6 56. Qc1 Bxh4 57. gxh4 Qxh4 58. Be1 Qg5 59. Rb2 h4 60. f3 gxf3 0-1

[Event "XXVII Open Anniversario"]
[Site "Provaglio d'Iseo ITA"]
[Date "2010.10.29"]
[Round "1"]
[White "Cambieri, Mario"]
[Black "Cosmai, Emanuele"]
[WhiteElo "1889"]
[BlackElo "1467"]
[Result "1-0"]
[PlyCount "70"]
[EventDate "2010.10.29"]

1. c4 c5 2. Nc3 Nf6 3. g3 e6 4. e4 Nc6 5. Nge2 b6 6. Bg2 Bb7 7. d4 cxd4 8. Nxd4
Nxd4 9. Qxd4 Bc5 10. Qd1 Bb4 11. f3 Qc7 12. Qb3 Qc5 13. Bd2 a5 14. a3 Bxc3 15.
Qxc3 O-O 16. Be3 Qc7 17. O-O e5 18. Rac1 d6 19. Rfd1 Rac8 20. Qb3 Nd7 21. Qd3
Rfd8 22. Qxd6 Qxd6 23. Rxd6 Kf8 24. Bxb6 Nxb6 25. Rxb6 Rc7 26. Rb5 Rd2 27. b4
axb4 28. axb4 f6 29. c5 Ke7 30. Rb6 Ra2 31. c6 Bc8 32. b5 Raa7 33. Rb8 Ra2 34.
b6 Rb2 35. bxc7 Rxb8 1-0

[Event "XXVII Open Anniversario"]
[Site "Provaglio d'Iseo ITA"]
[Date "2010.10.29"]
[Round "1"]
[White "Messina, Massimo"]
[Black "Lazzaroni, Fabio"]
[WhiteElo "1460"]
[BlackElo "1827"]
[Result "0-1"]
[PlyCount "55"]
[EventDate "2010.10.29"]

1. e4 d5 2. exd5 Nf6 3. d4 Nxd5 4. Bc4 Nb6 5. Bb3 Nc6 6. Be3 e6 7. Nf3 Na5 8.
c3 Nxb3 9. Qxb3 Nd5 10. Nbd2 b6 11. Nc4 Be7 12. Bd2 O-O 13. O-O Bb7 14. a4 a5
15. Nce5 Bf6 16. Rfe1 Ne7 17. Qd1 Nc6 18. Ng4 Be7 19. h3 Bd6 20. Qb1 Ne7 21.
Ng5 Ng6 22. b3 Be7 23. Ne4 f5 24. Ng3 fxg4 25. Rxe6 gxh3 26. Bh6 Qd5 27. Re4
Qf7 28. Rf4 0-1

[Event "XXVII Open Anniversario"]
[Site "Provaglio d'Iseo ITA"]
[Date "2010.10.29"]
[Round "1"]
[White "Bettoni, Davide"]
[Black "Conti, Ferdinando"]
[WhiteElo "1404"]
[BlackElo "1775"]
[Result "0-1"]
[PlyCount "70"]
[EventDate "2010.10.29"]

1. d4 Nf6 2. c4 e6 3. Nc3 c5 4. d5 exd5 5. cxd5 d6 6. e4 g6 7. Nf3 Bg7 8. Be2
O-O 9. O-O Re8 10. Qc2 a6 11. a4 Nbd7 12. Bf4 Nf8 13. Nd2 Qe7 14. Rfe1 N6d7 15.
Bf1 g5 16. Bg3 Be5 17. Ne2 Ng6 18. Bxe5 Ndxe5 19. Ng3 Nf4 20. Nc4 Nxc4 21. Qxc4
Qf6 22. Qc2 Re5 23. Re3 h5 24. Rae1 Bd7 25. Ne2 Bg4 26. f3 Bd7 27. a5 Nxd5 28.
Rb3 Nb4 29. Qd2 h4 30. Nc3 Rae8 31. Rd1 d5 32. Nxd5 Nxd5 33. exd5 Ba4 34. Rxb7
Bxd1 35. Qxd1 Qd6 0-1

[Event "XXVII Open Anniversario"]
[Site "Provaglio d'Iseo ITA"]
[Date "2010.11.05"]
[Round "2"]
[White "Ghidinelli, Giorgio"]
[Black "Cristiani, Cesare"]
[WhiteElo "1911"]
[BlackElo "2159"]
[Result "1/2-1/2"]
[PlyCount "86"]
[EventDate "2010.10.29"]

1. d4 Nf6 2. Nf3 c5 3. d5 e6 4. c4 exd5 5. cxd5 d6 6. Nc3 g6 7. e4 a6 8. a4 Bg4
9. Be2 Bg7 10. h3 Bxf3 11. Bxf3 Nbd7 12. Bf4 Qe7 13. O-O O-O 14. Rb1 Rab8 15.
Qd3 Ne5 16. Bxe5 Qxe5 17. g3 h5 18. Bg2 Rfe8 19. Rfe1 h4 20. g4 Nd7 21. Ne2 b5
22. f4 Qe7 23. axb5 axb5 24. b3 g5 25. e5 gxf4 26. Nxf4 Bxe5 27. Nh5 Qg5 28.
Rf1 Bd4+ 29. Kh1 Re3 30. Rf5 Qg6 31. Qf1 Rbe8 32. Qxb5 Re1+ 33. Rxe1 Rxe1+ 34.
Bf1 Nf6 35. Qb8+ Kh7 36. Nxf6+ Bxf6 37. Rh5+ Qxh5 38. gxh5 Rxf1+ 39. Kg2 Rf5
40. Qxd6 Bd4 41. Qf8 Rf2+ 42. Kh1 Rf1+ 43. Kg2 Rf2+ 1/2-1/2

[Event "XXVII Open Anniversario"]
[Site "Provaglio d'Iseo ITA"]
[Date "2010.11.05"]
[Round "2"]
[White "Barucco, Mattia"]
[Black "Cambieri, Mario"]
[WhiteElo "1992"]
[BlackElo "1889"]
[Result "1/2-1/2"]
[PlyCount "98"]
[EventDate "2010.10.29"]

1. e4 d5 2. exd5 Nf6 3. c4 e6 4. dxe6 Bxe6 5. d4 c6 6. Nf3 Bd6 7. Bd3 O-O 8.
O-O Qc7 9. Nc3 Bg4 10. h3 Bh5 11. Bg5 Nbd7 12. Be2 Rfe8 13. Qc2 Bf4 14. Bxf4
Qxf4 15. Rad1 Re7 16. Qd2 Qc7 17. d5 cxd5 18. Nxd5 Nxd5 19. cxd5 Qd6 20. g4 Bg6
21. Bc4 Rae8 22. Bb5 a6 23. Bxd7 Rxd7 24. Rfe1 Rxe1+ 25. Qxe1 f6 26. Nh4 Re7
27. Qc3 Rc7 28. Qf3 Rd7 29. Nxg6 hxg6 30. Qe4 Kf7 31. h4 Qe7 32. Qf3 Rd6 33.
Qf4 Qd7 34. Qd4 f5 35. f3 Qe7 36. Qf4 Qd7 37. gxf5 gxf5 38. Qe5 g6 39. Qh8 Qe8
40. Qxe8+ Kxe8 41. Kf2 Rb6 42. Ke3 Rxb2 43. Kf4 Rxa2 44. Kg5 Rg2+ 45. Kf6 Kd7
46. Rb1 b5 47. Ke5 Re2+ 48. Kf6 Rg2 49. Ke5 Re2+ 1/2-1/2

[Event "XXVII Open Anniversario"]
[Site "Provaglio d'Iseo ITA"]
[Date "2010.11.05"]
[Round "2"]
[White "Lazzaroni, Fabio"]
[Black "Schaberg, Wolfgang"]
[WhiteElo "1827"]
[BlackElo "1941"]
[Result "1/2-1/2"]
[PlyCount "76"]
[EventDate "2010.10.29"]

1. e4 c5 2. Nf3 d6 3. d4 cxd4 4. Qxd4 a6 5. Be3 Nf6 6. Nc3 Nc6 7. Qb6 Qxb6 8.
Bxb6 Bg4 9. Nd2 g6 10. Bc4 Bh6 11. f3 Be6 12. Bxe6 fxe6 13. O-O-O Nd7 14. Bf2
b5 15. Kb1 Nde5 16. Rhe1 Bg7 17. Nb3 O-O 18. Nd4 Nxd4 19. Bxd4 Rac8 20. Re2 Rc6
21. a3 Rfc8 22. Na2 Nc4 23. Nb4 R6c7 24. Nxa6 Bxd4 25. Rxd4 Ra7 26. Nb4 Kf7 27.
Rd3 Ra4 28. f4 Rc5 29. Kc1 Ra8 30. Rc3 Rcc8 31. g4 Rf8 32. h4 Ke8 33. Rf2 Kd7
34. Rcf3 Rf7 35. Nd3 Rg8 36. c3 h5 37. g5 Rgf8 38. Kc2 e5 1/2-1/2

[Event "XXVII Open Anniversario"]
[Site "Provaglio d'Iseo ITA"]
[Date "2010.11.05"]
[Round "2"]
[White "Dieli, Alberto"]
[Black "Cattaneo, Ugo"]
[WhiteElo "1936"]
[BlackElo "1804"]
[Result "1-0"]
[PlyCount "61"]
[EventDate "2010.10.29"]

1. d4 d5 2. c4 e6 3. Nc3 Nf6 4. cxd5 exd5 5. Nf3 Be7 6. Bg5 Bf5 7. Qb3 Nbd7 8.
e3 Nb6 9. Ne5 O-O 10. Be2 Re8 11. g4 Be6 12. f3 c5 13. O-O cxd4 14. exd4 h5 15.
h3 Nh7 16. Bf4 Bg5 17. Bg3 Be3+ 18. Bf2 Qg5 19. Nb5 Bf4 20. Bd3 hxg4 21. fxg4
Bxe5 22. dxe5 Qxe5 23. Bxh7+ Kxh7 24. Bg3 Qe2 25. Rf2 Qc4 26. Qxc4 Nxc4 27. Nc7
a5 28. b3 Nb6 29. Nxe8 Rxe8 30. Bc7 Nd7 31. Bxa5 1-0

[Event "XXVII Open Anniversario"]
[Site "Provaglio d'Iseo ITA"]
[Date "2010.11.05"]
[Round "2"]
[White "Conti, Ferdinando"]
[Black "Massetti, Euro"]
[WhiteElo "1775"]
[BlackElo "1919"]
[Result "1-0"]
[PlyCount "145"]
[EventDate "2010.10.29"]

1. Nf3 d5 2. b4 f6 3. Bb2 e5 4. b5 Bd6 5. e3 Be6 6. Be2 c5 7. d3 Nd7 8. O-O Ne7
9. Nbd2 O-O 10. c4 Nb6 11. a4 dxc4 12. dxc4 a5 13. Rc1 Qc7 14. Ne4 Rfd8 15. Qb3
Bf5 16. Nfd2 Nd7 17. Rfd1 Nf8 18. Bf3 Nc8 19. Ng3 Bg6 20. Nde4 Rb8 21. Rd2 b6
22. Rcd1 Kh8 23. Bg4 Be7 24. Rxd8 Bxd8 25. Bxc8 Qxc8 26. Nd6 Qe6 27. Rd5 Bc7
28. Nge4 Rd8 29. Qd1 Kg8 30. f3 Qe7 31. g4 Ne6 32. h4 h5 33. gxh5 Bxh5 34. Nf5
Qe8 35. Rxd8 Bxd8 36. Kf2 Bg6 37. Ned6 Qd7 38. Qd5 Bc7 39. e4 Kh7 40. Bc1 Nd4
41. Nxd4 exd4 42. h5 Qxd6 43. hxg6+ Kxg6 44. Qf5+ Kf7 45. f4 g5 46. Qh7+ Ke8
47. Qg8+ Kd7 48. Qf7+ Kc8 49. Qe8+ Kb7 50. Qc6+ Qxc6 51. bxc6+ Kxc6 52. fxg5
fxg5 53. Bxg5 Kd7 54. Kf3 Ke6 55. Bd2 Kf6 56. Kg4 Bh2 57. Bc1 Ke7 58. Bg5+ Kd6
59. Bd2 Ke6 60. Bc1 Bc7 61. Kf3 Kf6 62. Bd2 Kg6 63. Bc1 Kh5 64. Bd2 Kh4 65. Bc1
Kh3 66. Ke2 Kg3 67. Bg5 Bd6 68. Bf6 Kg4 69. e5 Bc7 70. Kd3 Kf4 71. e6 b5 72.
cxb5 c4+ 73. Kxd4 1-0

[Event "XXVII Open Anniversario"]
[Site "Provaglio d'Iseo ITA"]
[Date "2010.11.05"]
[Round "2"]
[White "Cosmai, Emanuele"]
[Black "De Bellis, Aldo"]
[WhiteElo "1467"]
[BlackElo "1690"]
[Result "0-1"]
[PlyCount "78"]
[EventDate "2010.10.29"]

1. e4 e6 2. d4 d5 3. exd5 exd5 4. Nf3 Nf6 5. Be3 Bf5 6. Bd3 Bxd3 7. Qxd3 Be7 8.
O-O c6 9. Re1 O-O 10. Bg5 Nbd7 11. Nbd2 Re8 12. h3 Qc7 13. Re3 Bd6 14. Rae1
Rxe3 15. Rxe3 h6 16. Bh4 Re8 17. Qe2 Qb8 18. Kf1 Rxe3 19. fxe3 Qe8 20. Qf2 Ne4
21. Nxe4 Qxe4 22. Nd2 Qxc2 23. Nb3 Qb1+ 24. Qe1 Qxb2 25. Qd2 Qb1+ 26. Be1 Bg3
27. Na5 Bxe1 28. Qxe1 Qb5+ 29. Nc4 Qxc4+ 30. Qe2 Nb6 31. g4 f6 32. Kf2 Qxe2+
33. Kxe2 Kf7 34. Kf3 g6 35. Kf4 Ke6 36. e4 dxe4 37. Kxe4 Nc4 38. a4 a5 39. Kd3
Kd5 0-1

[Event "XXVII Open Anniversario"]
[Site "Provaglio d'Iseo ITA"]
[Date "2010.11.05"]
[Round "2"]
[White "Brugaletta, Giorgio"]
[Black "Messina, Massimo"]
[WhiteElo "1675"]
[BlackElo "1460"]
[Result "1-0"]
[PlyCount "59"]
[EventDate "2010.10.29"]

1. d4 f5 2. c4 Nf6 3. Nc3 g6 4. Bg5 Bg7 5. Qd2 c6 6. Bh6 O-O 7. Bxg7 Kxg7 8. e3
d6 9. Be2 a6 10. h4 h5 11. Nf3 b5 12. Ng5 Nh7 13. b3 Qe8 14. Bf3 e5 15. O-O e4
16. Bd1 Nxg5 17. hxg5 Qe7 18. f4 exf3 19. Bxf3 Qxg5 20. Ne2 Bb7 21. Nf4 Rf6 22.
Qa5 Kh6 23. Qc7 Rf8 24. Qxb7 Nd7 25. Qxd7 Rae8 26. Rae1 Re7 27. Qxd6 Rfe8 28.
Qxg6+ Qxg6 29. Nxg6 Kxg6 30. Bxc6 1-0

[Event "XXVII Open Anniversario"]
[Site "Provaglio d'Iseo ITA"]
[Date "2010.11.05"]
[Round "2"]
[White "Vagliati, Massimo"]
[Black "Bettoni, Davide"]
[WhiteElo "1610"]
[BlackElo "1404"]
[Result "0-1"]
[PlyCount "92"]
[EventDate "2010.10.29"]

1. d4 Nf6 2. c4 e6 3. Nf3 c5 4. d5 exd5 5. cxd5 d6 6. Nc3 g6 7. e4 Bg7 8. Bd3
O-O 9. O-O Re8 10. Re1 Nbd7 11. Bf4 Nf8 12. h3 a6 13. a4 Qb6 14. Qc2 N8d7 15.
Nd2 Nh5 16. Nc4 Qd8 17. Bxd6 Bd4 18. Ne2 Bg7 19. a5 Qg5 20. Ng3 Nxg3 21. Bxg3
Bd4 22. Rac1 Qxg3 23. Kh1 Bxf2 24. Rf1 Bd4 25. Rf3 Qh4 26. Rcf1 Rf8 27. Qe2 Qe7
28. b3 Ne5 29. Rf4 Nxd3 30. Qxd3 Bd7 31. Qf3 Bb5 32. Re1 Rad8 33. Nb6 Bd7 34.
Nc4 Rfe8 35. d6 Qe6 36. e5 Bc6 37. Qg3 Bb5 38. Rf6 Qd5 39. Nb6 Qc6 40. d7 Re6
41. Qh4 Rxf6 42. Qxf6 Qxf6 43. exf6 Bxf6 44. Re8+ Rxe8 45. dxe8=Q+ Bxe8 46. Nd5
Kg7 0-1

[Event "XXVII Open Anniversario"]
[Site "Provaglio d'Iseo ITA"]
[Date "2010.11.12"]
[Round "3"]
[White "Conti, Ferdinando"]
[Black "Dieli, Alberto"]
[WhiteElo "1775"]
[BlackElo "1936"]
[Result "0-1"]
[PlyCount "122"]
[EventDate "2010.10.29"]

1. b4 e5 2. Bb2 Bxb4 3. Bxe5 Nf6 4. Nf3 Nc6 5. Bb2 O-O 6. e3 d5 7. Be2 Re8 8.
O-O Qd6 9. a3 Ba5 10. c4 dxc4 11. Bxc4 Bg4 12. Be2 Rad8 13. d4 Ne4 14. h3 Bh5
15. Nbd2 Nxd2 16. Nxd2 Bxe2 17. Qxe2 Nxd4 18. Qg4 Ne2+ 19. Kh1 Bc3 20. Nc4 Qd3
21. Rfe1 Re4 22. Qxe2 Bxe1 23. Qxd3 Rxd3 24. Ne5 Rb3 25. Rd1 h6 26. Rd8+ Kh7
27. Nd3 Rc4 28. Ne5 Rc2 29. Bd4 Rxf2 30. Rd7 f6 31. Ng4 Rf1+ 32. Kh2 Bh4 33. g3
h5 34. Kg2 Rc1 35. gxh4 hxg4 36. hxg4 Rb5 37. g5 Kg6 38. Kf3 Rc6 39. Kg4 Rd6
40. h5+ Kh7 41. g6+ Kh6 42. Rxc7 a6 43. Rc8 Rg5+ 44. Kf4 Kxh5 45. Rc7 Kxg6 46.
Rxb7 Ra5 47. Kf3 Re6 48. Rb3 Rb5 49. Rc3 a5 50. Rc2 Rf5+ 51. Ke2 Rb5 52. Kf3
Re7 53. Rg2+ Kf5 54. Rh2 g6 55. Rf2 Ke6 56. Rc2 Rd7 57. Rc6+ Rd6 58. Rc8 Rxd4
59. exd4 Rb3+ 60. Ke4 f5+ 61. Kf4 Rxa3 0-1

[Event "XXVII Open Anniversario"]
[Site "Provaglio d'Iseo ITA"]
[Date "2010.11.12"]
[Round "3"]
[White "Cristiani, Cesare"]
[Black "Lazzaroni, Fabio"]
[WhiteElo "2159"]
[BlackElo "1827"]
[Result "1-0"]
[PlyCount "53"]
[EventDate "2010.10.29"]

1. d4 f5 2. h3 d6 3. g4 c6 4. g5 Nd7 5. Nf3 Qc7 6. Nc3 e5 7. e4 f4 8. b3 b5 9.
d5 b4 10. dxc6 Qxc6 11. Nd5 Ne7 12. Bc4 Rb8 13. Bd2 Nxd5 14. exd5 Qc7 15. Qe2
Nc5 16. Bxf4 Be7 17. Nxe5 O-O 18. Be3 Bf5 19. Nc6 Rbe8 20. Bxc5 Bxg5 21. Be3
Bxe3 22. fxe3 Qb6 23. Nd4 Be4 24. Rf1 Bf3 25. Qd3 Be4 26. Rxf8+ Kxf8 27. Qf1+
1-0

[Event "XXVII Open Anniversario"]
[Site "Provaglio d'Iseo ITA"]
[Date "2010.11.12"]
[Round "3"]
[White "Schaberg, Wolfgang"]
[Black "Barucco, Mattia"]
[WhiteElo "1941"]
[BlackElo "1992"]
[Result "1-0"]
[PlyCount "120"]
[EventDate "2010.10.29"]

1. e4 c6 2. Nc3 d5 3. d4 dxe4 4. Nxe4 Nd7 5. Nf3 Ngf6 6. Nxf6+ Nxf6 7. Bc4 Bf5
8. Qe2 e6 9. Bg5 Be7 10. O-O-O b5 11. Bxf6 Bxf6 12. Bd3 Bxd3 13. Qxd3 Qd5 14.
Kb1 a5 15. Rhe1 O-O 16. g4 a4 17. Ne5 Rfc8 18. c3 a3 19. b4 Be7 20. Qe4 Bd6 21.
h4 Ra7 22. g5 Rac7 23. h5 f6 24. gxf6 Qxe4+ 25. Rxe4 gxf6 26. Rg1+ Rg7 27. Ng4
f5 28. Nh6+ Kf8 29. Rxg7 Kxg7 30. Rxe6 Bf4 31. Nxf5+ Kf7 32. Re4 Bh2 33. Kc2
Kf6 34. Ng3 Rg8 35. Re3 Bg1 36. Ne2 Bh2 37. Ng3 Bg1 38. Ne4+ Kf5 39. Kd3 Kf4
40. Ke2 Kf5 41. Nd6+ Kf6 42. Rg3 Rxg3 43. fxg3 Kg5 44. Nc8 Kxh5 45. Kf3 Kg5 46.
Na7 Kf5 47. Nxc6 Ke6 48. Na7 Kd5 49. Nxb5 Kc4 50. Nxa3+ Kxc3 51. d5 Kxb4 52.
Nc2+ Kc4 53. Ne3+ Kd4 54. Ng4 Kxd5 55. Nf6+ Ke5 56. Nxh7 Bc5 57. Ng5 Kf5 58.
Ne4 Ba3 59. Nd2 Ke6 60. Ke4 Kd6 1-0

[Event "XXVII Open Anniversario"]
[Site "Provaglio d'Iseo ITA"]
[Date "2010.11.12"]
[Round "3"]
[White "Cambieri, Mario"]
[Black "Ghidinelli, Giorgio"]
[WhiteElo "1889"]
[BlackElo "1911"]
[Result "0-1"]
[PlyCount "88"]
[EventDate "2010.10.29"]

1. c4 Nf6 2. g3 e5 3. Nc3 d5 4. cxd5 Nxd5 5. Bg2 Nb6 6. d3 Be7 7. Nf3 Nc6 8.
O-O Be6 9. Bd2 f6 10. Rc1 Qd7 11. a3 O-O 12. Ne4 Bh3 13. Nc5 Bxc5 14. Rxc5 Bxg2
15. Kxg2 Qe6 16. b4 Nd7 17. Rc4 a6 18. Be3 Rac8 19. Kg1 Ne7 20. Qc2 Nd5 21. Bd2
c6 22. Rh4 Ne7 23. Rc1 g6 24. d4 Nf5 25. Re4 Nd6 26. Rh4 e4 27. Ne1 Rfe8 28. f3
exf3 29. exf3 Qd5 30. Bc3 Re3 31. Qd1 Rce8 32. Rc2 Nb5 33. Re4 R8xe4 34. fxe4
Qxe4 35. Bd2 Rxa3 36. Bh6 Kf7 37. Re2 Nc3 38. Rxe4 Nxd1 39. d5 cxd5 40. Rd4 Nc3
41. Rd2 Ra1 42. Kf1 Ne5 43. Rc2 d4 44. Kf2 Ng4+ 0-1

[Event "XXVII Open Anniversario"]
[Site "Provaglio d'Iseo ITA"]
[Date "2010.11.12"]
[Round "3"]
[White "Massetti, Euro"]
[Black "De Bellis, Aldo"]
[WhiteElo "1919"]
[BlackElo "1690"]
[Result "1-0"]
[PlyCount "85"]
[EventDate "2010.10.29"]

1. c4 Nf6 2. d4 e6 3. a3 d5 4. Nc3 c6 5. Nf3 Be7 6. e3 Nbd7 7. c5 O-O 8. b4 Ne4
9. Nxe4 dxe4 10. Nd2 f5 11. Bc4 Nf6 12. O-O Nd5 13. Bb2 Bd7 14. Ba2 b5 15. cxb6
axb6 16. Nc4 Bf6 17. Bb3 Qe7 18. Rc1 Qf7 19. Qd2 Qe7 20. Rfd1 b5 21. Na5 Rac8
22. Nb7 Kh8 23. Nc5 Be8 24. Ra1 g6 25. a4 bxa4 26. Rxa4 Bf7 27. Rda1 Rc7 28.
Qe2 Rfc8 29. Bxd5 exd5 30. Bc3 Kg7 31. R1a3 g5 32. b5 cxb5 33. Ra5 Be8 34. Bb4
Qf7 35. g3 h5 36. Ra6 f4 37. Ne6+ Kg8 38. Nxc7 Rxc7 39. Bc5 f3 40. Qb2 Bc6 41.
Ra7 Qd7 42. Rxc7 Qxc7 43. Ra8+ 1-0

[Event "XXVII Open Anniversario"]
[Site "Provaglio d'Iseo ITA"]
[Date "2010.11.12"]
[Round "3"]
[White "Cattaneo, Ugo"]
[Black "Onger, Nicola"]
[WhiteElo "1804"]
[BlackElo "1616"]
[Result "1-0"]
[PlyCount "39"]
[EventDate "2010.10.29"]

1. e4 c5 2. Nf3 d6 3. d4 cxd4 4. Nxd4 a6 5. Nc3 Nf6 6. Bg5 e6 7. Be2 Be7 8. f4
Nc6 9. Nxc6 bxc6 10. Qd3 Nd7 11. Bxe7 Qxe7 12. O-O-O d5 13. Bf3 Rb8 14. exd5
cxd5 15. Nxd5 Qc5 16. Rhe1 O-O 17. b4 Qb5 18. Qxb5 Rxb5 19. Ne7+ Kh8 20. Nxc8
1-0

[Event "XXVII Open Anniversario"]
[Site "Provaglio d'Iseo ITA"]
[Date "2010.11.12"]
[Round "3"]
[White "Cattaneo, Dario"]
[Black "Brugaletta, Giorgio"]
[WhiteElo "1599"]
[BlackElo "1675"]
[Result "0-1"]
[PlyCount "100"]
[EventDate "2010.10.29"]

1. d4 d5 2. Nf3 Nf6 3. e3 e6 4. c4 c5 5. Nc3 cxd4 6. exd4 Nc6 7. Be2 a6 8. O-O
Be7 9. b3 O-O 10. Re1 Bb4 11. Bd2 Bxc3 12. Bxc3 Ne4 13. Rc1 Nxc3 14. Rxc3 Qa5
15. Qd2 Bd7 16. Ne5 Nxe5 17. dxe5 Bc6 18. Rd3 Qc7 19. Bf3 dxc4 20. bxc4 Bxf3
21. Rxf3 Qxc4 22. g3 Rad8 23. Qb2 b5 24. a3 h6 25. Rc3 Qd4 26. Qb4 Qd2 27. Rcc1
Qxb4 28. axb4 Rd4 29. Rc6 Rxb4 30. Rxa6 Rb2 31. Rb6 Rc8 32. Rf1 Rc5 33. Rb8+
Kh7 34. Rd1 Rcc2 35. Rf1 Re2 36. Rb7 Kg6 37. Kg2 Rxe5 38. Kh3 Ree2 39. g4 f6
40. Kg3 e5 41. h4 Kh7 42. g5 hxg5 43. hxg5 fxg5 44. Kg4 Rxf2 45. Rh1+ Rh2 46.
Rg1 Kh6 47. Kf5 g6+ 48. Kf6 e4 49. Rb8 Rhf2+ 50. Ke5 e3 0-1

[Event "XXVII Open Anniversario"]
[Site "Provaglio d'Iseo ITA"]
[Date "2010.11.12"]
[Round "3"]
[White "Bettoni, Davide"]
[Black "Bertoletti, Vincenzo"]
[WhiteElo "1404"]
[BlackElo "1737"]
[Result "1-0"]
[PlyCount "27"]
[EventDate "2010.10.29"]

1. d4 d5 2. c4 c6 3. Nc3 Nf6 4. Nf3 e6 5. Bg5 Nbd7 6. e3 Be7 7. b3 Qa5 8. Qc2
Bb4 9. Rc1 Ne4 10. Bd3 Bxc3+ 11. Kf1 Bb4 12. cxd5 cxd5 13. Qxc8+ Rxc8 14. Rxc8+
1-0

[Event "XXVII Open Anniversario"]
[Site "Provaglio d'Iseo ITA"]
[Date "2010.11.12"]
[Round "3"]
[White "Vagliati, Massimo"]
[Black "Cosmai, Emanuele"]
[WhiteElo "1610"]
[BlackElo "1467"]
[Result "1-0"]
[PlyCount "79"]
[EventDate "2010.10.29"]

1. d4 Nf6 2. c4 b6 3. Nc3 Ba6 4. e3 e6 5. Nf3 Bb4 6. Qc2 O-O 7. Bd3 d5 8. Ne5
dxc4 9. Bxc4 Bxc4 10. Nxc4 Nc6 11. O-O Rc8 12. Ne2 b5 13. Nd2 Ne7 14. a3 Bd6
15. b4 a6 16. e4 c5 17. bxc5 Bxh2+ 18. Kxh2 Ng4+ 19. Kg1 Ng6 20. Nf3 Nh4 21.
Qd3 Rxc5 22. Nxh4 Rh5 23. Nf3 Nh2 24. Nxh2 Qh4 25. Qg3 Qxe4 26. Be3 f5 27. Qf3
Qh4 28. Qg3 g5 29. Qxh4 gxh4 30. Nf4 Rh6 31. Rac1 Kf7 32. Rc6 Rg8 33. d5 h3 34.
g3 Rh4 35. dxe6+ Kf6 36. Kh1 Rhg4 37. Nxg4+ fxg4 38. Bd4+ Kf5 39. Re1 Rd8 40.
Rc5+ 1-0

[Event "XXVII Open Anniversario"]
[Site "Provaglio d'Iseo ITA"]
[Date "2010.11.19"]
[Round "4"]
[White "Dieli, Alberto"]
[Black "Cristiani, Cesare"]
[WhiteElo "1936"]
[BlackElo "2159"]
[Result "0-1"]
[PlyCount "120"]
[EventDate "2010.10.29"]

1. e4 Nf6 2. Bc4 d5 3. exd5 Nbd7 4. Qe2 a6 5. Bb3 Nc5 6. c4 Bf5 7. f3 Qd6 8.
Qe3 O-O-O 9. d4 Nd3+ 10. Kd1 Nxc1 11. Kxc1 e6 12. dxe6 Bxe6 13. Ne2 Re8 14. Qd3
g6 15. Ng3 Bh6+ 16. Nd2 Bd7 17. Nge4 Nxe4 18. fxe4 Qf4 19. Kc2 Qf2 20. Raf1
Qxg2 21. Rhg1 Qxh2 22. Rh1 Qxd2+ 23. Qxd2 Bxd2 24. Kxd2 Rxe4 25. Rxf7 h5 26.
Bc2 Rxd4+ 27. Kc3 Rg4 28. Rg7 g5 29. Rxd7 Rxc4+ 30. Kxc4 Kxd7 31. Bg6 h4 32.
Kd5 Ke7 33. Bf5 Rd8+ 34. Ke5 Rd2 35. Rc1 Re2+ 36. Kd4 Rxb2 37. Rxc7+ Kf6 38.
Bc8 Rxa2 39. Ke4 Ra4+ 40. Kf3 Ra3+ 41. Kg2 g4 42. Bxb7 Ra2+ 43. Kg1 h3 44. Rc6+
Ke5 45. Rxa6 Rb2 46. Ra5+ Kf4 47. Ra4+ Kg3 48. Ra3+ Kh4 49. Ba8 Rb1+ 50. Kh2
g3+ 51. Rxg3 Rb2+ 52. Rg2 hxg2 53. Bxg2 Rd2 54. Kg1 Kg3 55. Kf1 Rxg2 56. Ke1
Kf3 57. Kd1 Ke3 58. Kc1 Kd3 59. Kb1 Kc3 60. Ka1 Kb3 0-1

[Event "XXVII Open Anniversario"]
[Site "Provaglio d'Iseo ITA"]
[Date "2010.11.19"]
[Round "4"]
[White "Ghidinelli, Giorgio"]
[Black "Schaberg, Wolfgang"]
[WhiteElo "1911"]
[BlackElo "1941"]
[Result "1/2-1/2"]
[PlyCount "40"]
[EventDate "2010.10.29"]

1. d4 d5 2. c4 dxc4 3. Nc3 e5 4. Nf3 exd4 5. Qxd4 Qxd4 6. Nxd4 c6 7. a4 Bc5 8.
Nc2 Be6 9. e4 Nd7 10. Be3 Ngf6 11. Be2 O-O 12. O-O Bxe3 13. Nxe3 Nc5 14. Bxc4
Bxc4 15. Nxc4 Ncxe4 16. Nxe4 Nxe4 17. Rfd1 b6 18. f3 Nc5 19. Rd6 Rfd8 20. Rxc6
Rac8 1/2-1/2